The Assessment of the Convergence Criteria in Romania, on the Path Towards Euro Adoption
Analýza procesu prijatia eura v Rumunsku a jeho cesty do mechanizmu výmenných kurzov (ERM II). Opatrenia prijaté na európskej úrovni pre tretie kolo rozširovania eurozóny. Schopnosť rumunského hospodárstva prispôsobiť sa európskej úrovni menovej integrácie. Pripravenosť Rumunska na prijatie eura.
Na minha lista:
| Autor principal: | |
|---|---|
| Outros Autores: | |
| Formato: | Capítulo de Livro |
| Idioma: | inglês |
| Assuntos: | |
| Tags: |
Sem tags, seja o primeiro a adicionar uma tag!
|
MARC
| LEADER | 00000naa a2200000 4500 | ||
|---|---|---|---|
| 001 | 0286255 | ||
| 005 | 20220615124418.1 | ||
| 041 | 0 | |a eng | |
| 044 | |a CZ | ||
| 245 | 1 | 0 | |a The Assessment of the Convergence Criteria in Romania, on the Path Towards Euro Adoption |c Georgiana-Loredana Schipor, Cristina Duhnea |
| 520 | |a Analýza procesu prijatia eura v Rumunsku a jeho cesty do mechanizmu výmenných kurzov (ERM II). Opatrenia prijaté na európskej úrovni pre tretie kolo rozširovania eurozóny. Schopnosť rumunského hospodárstva prispôsobiť sa európskej úrovni menovej integrácie. Pripravenosť Rumunska na prijatie eura. | ||
| 610 | 2 | 0 | |a konvergencia |
| 610 | 2 | 0 | |a euro |
| 610 | 2 | 0 | |a kurz výmenný |
| 610 | 2 | 0 | |a politika menová |
| 610 | 2 | 0 | |a eurozóna |
| 610 | 2 | 0 | |a pandémia |
| 610 | 2 | 0 | |a koronavírus |
| 610 | 2 | 0 | |a Rumunsko |
| 100 | 1 | |a Schipor, Georgiana-Loredana | |
| 700 | 1 | |a Duhnea, Cristina | |